000 00319nam a2200133Ia 4500
008 100328s9999 xx 000 0 und d
082 _b64460
100 _aतिबिले अनंत.
245 _aमाग.
260 _bयुनिटी.
630 _aमाग.
730 _aमाग.
942 _cBOOK
999 _c550252
_d550249